书目信息 |
| 题名: |
物业电工手册
|
|
| 作者: | 陆荣华 编著 | |
| 分册: | ||
| 出版信息: | 北京 中国电力出版社 2009.03 |
|
| 页数: | 533页 | |
| 开本: | 21cm | |
| 丛书名: | ||
| 单 册: | ||
| 中图分类: | TU85 | |
| 科图分类: | ||
| 主题词: | 建筑安装工程--jian zhu an zhuang gong cheng--电工--手册 | |
| 电子资源: | ||
| ISBN: | 978-7-5083-8126-8 | |
| 000 | 00926nam0 2200241 450 | |
| 001 | 012009302813 | |
| 005 | 20091005144901.60 | |
| 010 | @a978-7-5083-8126-8@dCNY36.00 | |
| 100 | @a20091005d2009 em y0chiy0120 ea | |
| 101 | 0 | @achi |
| 102 | @aCN@b110000 | |
| 105 | @aak z 000yy | |
| 106 | @ar | |
| 200 | 1 | @a物业电工手册@Awu ye dian gong shou ce@f陆荣华编著@Flu rong hua bian zhu |
| 205 | @a第2版 | |
| 210 | @a北京@c中国电力出版社@d2009.03 | |
| 215 | @a533页@c图@d21cm | |
| 330 | @a本书从物业电工的日常维护,到物业电气设备的安装、使用及维修,对工作中应注意的各个环节、物业管理的各种要求及规定作了详细叙述。书中内容不仅包括电工的基础知识,还包括安装、维修、值班和日常运行维护、管理以及电气工程施工、验收等方面的知识。 | |
| 606 | 0 | @a建筑安装工程@Ajian zhu an zhuang gong cheng@x电工@j手册 |
| 690 | @aTU85@v4 | |
| 701 | 0 | @a陆荣华@Alu rong hua@4编著 |
| 801 | 0 | @aCN@bQSSK@c20091005 |
| 905 | @b759968-72@dTU85@eL852@f5 | |
| 物业电工手册/陆荣华编著.-第2版.-北京:中国电力出版社,2009.03 |
| 533页:图;21cm |
| ISBN 978-7-5083-8126-8:CNY36.00 |
| 本书从物业电工的日常维护,到物业电气设备的安装、使用及维修,对工作中应注意的各个环节、物业管理的各种要求及规定作了详细叙述。书中内容不仅包括电工的基础知识,还包括安装、维修、值班和日常运行维护、管理以及电气工程施工、验收等方面的知识。 |
| ● |
| 相关链接 |
|
|
|
正题名:物业电工手册
索取号:TU85/L852
 
预约/预借
| 序号 | 登录号 | 条形码 | 馆藏地/架位号 | 状态 | 备注 |
| 1 | 759968 | 207599687 | 建筑库201/201建筑库 53排4列3层/ [索取号:TU85/L852] | 在馆 | |
| 2 | 759969 | 207599696 | 建筑库201/201建筑库 53排4列4层/ [索取号:TU85/L852] | 在馆 | |
| 3 | 759970 | 207599703 | 建筑库201/201建筑库 53排4列4层/ [索取号:TU85/L852] | 在馆 | |
| 4 | 759971 | 207599712 | 建筑库201/201建筑库 53排4列3层/ [索取号:TU85/L852] | 在馆 | |
| 5 | 759972 | 207599721 | 建筑库201/201建筑库 53排4列3层/ [索取号:TU85/L852] | 在馆 |